Veritas filia temporis az igazság és az idő ikonográfiája és Shakespeare /

Elmentve itt :
Bibliográfiai részletek
Szerző: Fabiny Tibor
Dokumentumtípus: Könyv része
Megjelent: 1984
Sorozat:Acta Universitatis Szegediensis de Attila József nominatae : papers in english and american studies 3
Papers in English and American studies : Tomus III. - Shakespeare and the emblem : studies in Renaissance iconography and iconology 3
Kulcsszavak:Angol irodalom története - 16-17. sz. - előadáskivonat, Ikonográfia - előadáskivonat, Idő - előadáskivonat, William Shakespeare
Tárgyszavak:
Online Access:http://acta.bibl.u-szeged.hu/68646
LEADER 01102naa a2200229 i 4500
001 acta68646
005 20250124132238.0
008 250121s1984 hu o 000 hun d
022 |a 0230-2780 
040 |a SZTE Egyetemi Kiadványok Repozitórium  |b hun 
041 |a hun 
100 1 |a Fabiny Tibor 
245 1 0 |a Veritas filia temporis   |h [elektronikus dokumentum] :  |b az igazság és az idő ikonográfiája és Shakespeare /  |c  Fabiny Tibor 
260 |c 1984 
300 |a 477-478 
490 0 |a Acta Universitatis Szegediensis de Attila József nominatae : papers in english and american studies  |v 3 
490 0 |a Papers in English and American studies : Tomus III. - Shakespeare and the emblem : studies in Renaissance iconography and iconology  |v 3 
650 4 |a Bölcsészettudományok 
650 4 |a Nyelvek és irodalom 
650 4 |a Általános irodalomtudományok 
695 |a Angol irodalom története - 16-17. sz. - előadáskivonat, Ikonográfia - előadáskivonat, Idő - előadáskivonat, William Shakespeare 
856 4 0 |u http://acta.bibl.u-szeged.hu/68646/1/papers_003_477-478.pdf  |z Dokumentum-elérés